Clic - Les BD historiques (2) - Statistiques

Statistiques générales
  • Ce quiz a été pris 54 fois
  • Le résultat moyen est 17 sur 50
Statistiques - réponses
Hint Réponse % Correct
Il était une (...) en France fois
96%
Lucky (...) Luke
73%
La (...) du monde en bandes dessinées découverte
65%
Attila... mon (...) amour
50%
Petite histoire des (...) françaises colonies
50%
Le dernier (Cathare) Cathare
46%
Le (...) et le feu fer
46%
Les mystères d'(...) Osiris
46%
De silence et de (...) sang
46%
L'(...) du futur Arabe
42%
Le (...) de fer masque
42%
La (...) de l'ouest route
42%
Coeur (...) brulé
38%
Silas (...) Corey
38%
Histoire du (...) Far West
38%
Le fou du (...) Roy
38%
Le triangle (...) secret
38%
Amaury le (...) au blason d'argent chevalier
35%
Le Grand (...) Duc
35%
Les (...) de Dieu guerriers
35%
Notre (...) la guerre mère
35%
Les maître de l'(...) orge
35%
(...) de guerre ! Putain
35%
Baron (...) rouge
35%
Les tigres (...) volants
35%
Les fils de l'(...) Aigle
31%
Notre (...) Amérique
31%
Giacomo (...) C.
31%
Le vent des (...) dieux
31%
Les (...) du soleil héritiers
31%
Les (...) cavaliers héros
31%
Plume aux (...) vents
31%
Dans les (...) de l'histoire cuisines
27%
Champs d'(...) honneur
27%
A la recherche de la (...) Licorne
27%
Le train des (...) orphelins
27%
Les (...) du vent passagers
27%
Le cri du (...) peuple
27%
Les ombres du (...) Styx
27%
Prince (...) Valiant
27%
Les (...) de Mars boucliers
23%
Les (...) de Malefosse chemins
23%
Les aventures de (...) Queceluila Tristan
23%
Les (...) d'empires voleurs
23%
La trilogie des (...) Flandres
19%
Histoire de l'(...) en bandes dessinées humanité
19%
L'(...) rouge impératrice
19%
Les (...) de Bois-Maury tours
19%
Mémoire de (...) cendres
12%
Ninon (...) secrète
12%
Aucun quiz correspondant
Distribution des résultats
% des personnes avec chaque résultat
Percentile par nombre de réponses
Votre historique - résultats
Vous n’avez pas pris ce quiz